| 000 | 00544nam a2200229Ia 4500 | ||
|---|---|---|---|
| 003 | 0100 | ||
| 008 | 130307s9999 xx 000 0 und d | ||
| 020 | _a3631381549 | ||
| 040 | _cARRUPELIB | ||
| 050 | _aBJ1012.T46 1988 | ||
| 100 | _aTheron, Stephen | ||
| 245 | _aNatural law reconsidered | ||
| 245 | _bthe ethics of human liberation | ||
| 260 | _aFrankfurt am Main | ||
| 260 | _bPeter Lang | ||
| 260 | _c1988 | ||
| 300 | _a221 p. | ||
| 300 | _b21 cm. | ||
| 650 | _aETHICS | ||
| 650 | _bCatholic Church--Membership | ||
| 942 | 0 | 0 | _01 |
| 999 |
_c95657 _d95657 |
||